Danish soldiers abroad Quiz Stats

Quiz not verified by Sporcle

Challenge
Share
Tweet
Score 0/18 Timer 10:00
0 Plays Today
% Correct
Iraq
89.4%
Afghanistan
87.2%
Denmark
81.1%
Turkey
57.4%
Estonia
55.3%
Ukraine
55.3%
Mali
53.2%
Latvia
51.1%
South Korea
51.1%
% Correct
Lithuania
51.1%
Cyprus
46.8%
Poland
46.8%
South Sudan
46.8%
Kuwait
44.7%
United Arab Emirates
42.6%
Kosovo
40.4%
Ethiopia
38.3%
Kenya
38.3%

You're not logged in!

Compare scores with friends on all Sporcle quizzes.
Join for Free
OR
Log In

You Might Also Like...

Show Comments

Extras

Created Jun 16, 2016SourceReportNominate
Tags:denmark, mission, soldier

Top Quizzes Today


Score Distribution

Your Account Isn't Verified!

In order to create a playlist on Sporcle, you need to verify the email address you used during registration. Go to your Sporcle Settings to finish the process.

Report this User

Report this user for behavior that violates our Community Guidelines.

Details: